| 000 | 00573cam a2200205ua 4500 | ||
|---|---|---|---|
| 001 | 11559 | ||
| 005 | 20260515114752.0 | ||
| 008 | 191009n ii |||gr||||Z||||||eng | ||
| 020 | _a9788171398775 | ||
| 040 | _cMAIN | ||
| 041 | _aeng | ||
| 082 | _a370 | ||
| 100 |
_aAftab Anwar Maqbool Shaikh, _eAuthor. |
||
| 245 |
_aWorld encyclopaedia of education : _bTypes and methods of education / _cBy Aftab Anwar Maqbool Shaikh . |
||
| 250 |
_a1st ed. / _bV.II. |
||
| 260 |
_aNew Delhi: _bJnanada prakashan, _c2018. |
||
| 300 | _a626p. | ||
| 653 | _aEducation | ||
| 942 | _cBK | ||
| 999 |
_c10367 _d10367 |
||